UM Logo

Biomechanics: (Record no. 11507)

MARC details
000 -LEADER
fixed length control field 00585nam a22001817a 4500
008 - FIXED-LENGTH DATA ELEMENTS--GENERAL INFORMATION
fixed length control field 181206b ||||| |||| 00| 0 eng
020 ## - INTERNATIONAL STANDARD BOOK NUMBER
International Standard Book Number 978-1-6359-841-7
082 ## - DEWEY DECIMAL CLASSIFICATION NUMBER
Edition number 2018
Classification number DC 571.43
Item number P765
100 ## - MAIN ENTRY--PERSONAL NAME
Personal name Pollock, Edward
9 (RLIN) 33058
245 ## - TITLE STATEMENT
Title Biomechanics:
Remainder of title an introduction/
Statement of responsibility, etc. Pollock, Edward.
260 ## - PUBLICATION, DISTRIBUTION, ETC. (IMPRINT)
Place of publication, distribution, etc. New York:
Name of publisher, distributor, etc. Larsen & Keller,
Date of publication, distribution, etc. ©2018
300 ## - PHYSICAL DESCRIPTION
Extent vii, 203 pages:
Other physical details color illustrations;
Dimensions 25 cm.
500 ## - GENERAL NOTE
General note includes bibliographical reference and index.
650 ## - SUBJECT ADDED ENTRY--TOPICAL TERM
Topical term or geographic name as entry element Biomechanics
9 (RLIN) 17241
650 ## - SUBJECT ADDED ENTRY--TOPICAL TERM
Topical term or geographic name as entry element Medical science
9 (RLIN) 32988
365 ## - TRADE PRICE
Price amount 4,995
Currency code Php
942 ## - ADDED ENTRY ELEMENTS (KOHA)
Source of classification or shelving scheme Dewey Decimal Classification
Koha item type Circulation
Holdings
Withdrawn status Lost status Source of classification or shelving scheme Damaged status Not for loan Collection code Home library Current library Date acquired Source of acquisition Cost, normal purchase price Total Checkouts Full call number Barcode Date last seen Copy number Price effective from Koha item type
    Dewey Decimal Classification     Circulation UM Digos College - LIC UM Digos College - LIC 08/16/2018 Purchased 4995.00   DC 571.43 P765 2018 25289 05/15/2025 1 12/06/2018 Circulation